Statistics for Farruko Charting Songs (Billboard Hot 100)

Click here to take the quiz!

General Stats

  • This quiz has been taken 26 times
    (14 since last reset)
  • The average score is 5 of 6

Answer Stats

AlbumWeeks OnPeakArtist(s)Song% Correct
Gangalee20 Weeks#71Pedro Capo x FarrukoCalma
91%
Non-Album Single6 Weeks#75Farruko, Nicki Minaj, Bad Bunny, 21 Savage & RvssianKrippy Kush
91%
1 of 111 Weeks#64Sech, ROSALIA, Daddy Yankee, J Balvin & FarrukoRelacion
91%
Non-Album Single9 Weeks#69Ozuna x Daddy Yankee x J Balvin x Farruko x Anuel AABaila Baila Baila
82%
La 16721 Weeks#25FarrukoPepas
82%
Non-Album Single4 Weeks#95FarrukoLa Toxica
27%

Score Distribution

Percentile by Number Answered

Percent of People with Each Score

Your Score History

You have not taken this quiz since the last reset